Missing Words: Posthumous Movies II Quiz Stats

 Plays Quiz Updated Nov 2, 2017

Challenge
Share
Tweet
Embed
Score 0/20 Timer 03:00
0 Plays Today
Movie Answer % Correct
___ Story 2Toy
97%
The ___ Games: Mockingjay – Part 2Hunger
96.4%
Night at the ___: Secret of the TombMuseum
94.4%
___ LiarLiar
89.8%
___ Hills NinjaBeverly
88.5%
The ___ of InnocenceAge
88%
___: The Curse of Michael MyersHalloween
75.5%
Corrina, ___Corrina
75.3%
Bed & ___Breakfast
74.2%
___ Austen's Mafia!Jane
72%
Movie Answer % Correct
The ___ and the DeadQuick
68.3%
Jetsons: The ___Movie
64.9%
___ BaconCanadian
57.5%
Nobody's ___Fool
57%
A ___ LifeBug's
53.6%
Mouse___Hunt
29.6%
Kiki's ___ Service (dubbed)Delivery
27.5%
___ RelatedGang
18.9%
Out to ___Sea
14%
The ___ and the CobblerThief
7.8%

Today's Daily Dose

You're not logged in!

Compare scores with friends on all Sporcle quizzes.
Join for Free
OR
Log In

You Might Also Like...

Show Comments

Extras

Top Quizzes Today


Score Distribution

Your Account Isn't Verified!

In order to create a playlist on Sporcle, you need to verify the email address you used during registration. Go to your Sporcle Settings to finish the process.

Report this User

Report this user for behavior that violates our Community Guidelines.

Details: